000 01252cam a2200325 i 4500
999 _c12021
_d12021
001 12021
003 Mx-PuUPA
005 20240410103458.0
008 140415s1994 mx ado r 000 0 spa d
020 _a0783533667
040 _aMX-PuUPA
_bspa
_erda
_cMx-PuUPA
_dMx-PuUPA
041 1 _aspa
_heng
240 1 0 _aWeather & climate.
_lEspañol
245 1 3 _aTiempo y clima /
_cdirección editorial, Joaquín Gasca ; equipo editorial, Antón Gasca, Jesús Villanueva Oria [y otros dos] ; traducción, Josep-Lluís Melero i Nogués [y otros seis].
246 1 1 _aEnciclopedia ilustrada de ciencia y naturaleza.
250 _aEdición en español
264 1 _aCuernava, Morelos :
_bTime Life Inc.,
_c1994
300 _a148 páginas :
_bilustraciones, diagramas, fotografías ;
_c31 cm.
336 _atexto
_2rdacontent
_btxt
337 _asin medio
_2rdamedia
_bn
338 _avolumen
_2rdacarrier
_bnc
650 4 _aClimatología
700 1 _aGasca, Joaquín,
_edirector
700 1 _aGasca, Antón,
_eeditor
700 1 _aVillanueva Oria, Jesús,
_eeditor
700 1 _aMelero i Nogués, Josep-Lluís,
_etraductor
765 0 8 _aGasca, Joaquín,
_tWeather & climate
942 _2ddc
_cLI
_h503
_iE5615